LEADER 01218nam a2200289 i 4500 001 991001360829707536 005 20020507124853.0 008 010620s|||| it ||| | ita 020 $a8824498140 035 $ab10209943-39ule_inst 035 $aLE02984501$9ExL 040 $aISUFI - Sett. Diritti e Politiche Euromediterranee$bita 082 0 $a348.023 110 1 $aItalia$0423419 245 10$aCodice Amministrativo :$baggiornato a :$bL.13/2/2001 n.48 (Accesso in Magistratura), L. 26/3/2001 n.81 (Disciplina dell'attività di Governo), D.P.R. 28/12/2000 n.445 (T.U. documentaz.amministrativa) L. 23/3/2001 n.93 (Disposizioni in campo ambientale) 250 $a5 ed. 260 $aNapoli :$bEdizioni giuridiche Simone,$c2001 300 $a2236 p. ;$c21 cm 500 $aindice analitico alfabetico con oltre 20.000 voci 650 4$aCodice amministrativo 700 1 $aPagano, Alessandro 907 $a.b10209943$b02-04-14$c27-06-02 912 $a991001360829707536 945 $aLE029 348.023 PAG01.01$g1$iLE029-2574$lle029$o-$pE0.00$q-$rn$so $t0$u1$v0$w1$x0$y.i10258474$z27-06-02 996 $aCodice amministrativo$9168058 997 $aUNISALENTO 998 $ale029$b01-01-01$cm$da $e-$fita$git $h0$i1 LEADER 02763 am 2200457 n 450 001 9910214929203321 005 20170602 010 $a2-8218-8556-3 024 7 $a10.4000/books.pup.6552 035 $a(CKB)3710000001633414 035 $a(FrMaCLE)OB-pup-6552 035 $a(oapen)https://directory.doabooks.org/handle/20.500.12854/55822 035 $a(PPN)203890035 035 $a(EXLCZ)993710000001633414 100 $a20170807j|||||||| ||| 0 101 0 $afre 135 $auu||||||m|||| 181 $ctxt$2rdacontent 182 $cc$2rdamedia 183 $acr$2rdacarrier 200 14$aLes patriotes et les autres $eL?arrière-pays marseillais en Révolution /$fCyril Belmonte 210 $aAix-en-Provence $cPresses universitaires de Provence$d2017 215 $a1 online resource (304 p.) 330 $aDans l?arrière-pays marseillais de la fin de l?Ancien Régime, les démocraties villageoises se maintiennent, tandis que les petits pôles urbains sont dominés par les familles les plus honorables et les plus fortunées du lieu. Après la Révolution, un véritable pouvoir de classe voit le jour, dans le cadre du régime censitaire imposé en 1802 par les autorités napoléoniennes. Pourtant, les notables du début du XIXe siècle, comme les plus apparents d?autrefois, ne forment nullement un groupe homogène. C?est l?État central qui d?une certaine manière leur a donné un sentiment d?appartenance, au fondement dès lors d?une réelle conscience de classe. Brumaire a donc définitivement fait triompher les possédants. Une alternative démocratique était néanmoins possible. C?est ce que suggèrent en tout cas, au moins pour les quinze communes de l?arrière-pays marseillais (Allauch, Aubagne, Auriol, Belcodène, Cassis, Ceyreste, Cuges, Gémenos, Gréasque, La Ciotat, La Penne, Peypin, Roquefort, Roquevaire, Saint-Savournin), l?intensité de la participation citoyenne à la vie politique locale comme aux grands débats nationaux et l?indéniable ouverture sociale dans l?accès aux charges publiques, autant de thèmes au c?ur de cette étude. 606 $aPolitical participation$zFrance$zMarseille$xHistory$y18th century 607 $aMarseille (France)$xHistory$y18th century 607 $aFrance$xHistory$yRevolution, 1789-1799 610 $a1789-1799 610 $aMarseille 610 $aparticipation politique 610 $aFrance 610 $aRévolution 610 $a1789-1815 615 0$aPolitical participation$xHistory 700 $aBelmonte$b Cyril$01240797 701 $aPeyrard$b Christine$01232454 801 0$bFR-FrMaCLE 906 $aBOOK 912 $a9910214929203321 996 $aLes patriotes et les autres$93029379 997 $aUNINA